Sports Quiz

Random Sports or NFL Quiz
Score 0/15 Timer 05:00
0 Plays Today
Hint Answer % Correct
Passing Yards (Week 11)Peyton Manning
95.9%
Passing Yards (Week 11)Matthew Stafford
93.5%
Passing Yards (Week 11)Carson Palmer
88.7%
Receiving Yards (Week 11)Calvin Johnson
88.3%
Passing Yards (Week 11)Ben Roethlisberger
88%
Rushing Yards (Week 11)Ray Rice
82.1%
Receiving Yards (Week 11)Antonio Brown
70.6%
Receiving Yards (Week 11)Vincent Jackson
66.1%
Hint Answer % Correct
Rushing Yards (Week 11)Ryan Mathews
65.5%
Rushing Yards (Week 11)Chris Ivory
54.3%
Passing Yards (Week 11)Scott Tolzien
46.7%
Receiving Yards (Week 11)Michael Floyd
44%
Rushing Yards (Week 11)Bobby Rainey
38.4%
Rushing Yards (Week 11)Rashad Jennings
37.7%
Receiving Yards (Week 11)Garrett Graham
24.1%
Remove Ads.
Support Sporcle.
Get the best of Sporcle when you Go Orange. This ad-free experience offers more features, more stats, and more fun while also helping to support Sporcle. Thank you for becoming a member.

You're not logged in!

Compare scores with friends on all Sporcle quizzes.
OR
Log In

Show Comments

Extras

Top Quizzes Today


Score Distribution

Your Account Isn't Verified!

In order to create a playlist on Sporcle, you need to verify the email address you used during registration. Go to your Sporcle Settings to finish the process.

Report this User

Report this user for behavior that violates our Community Guidelines.

Details: